000 00530nam a2200145Ia 4500
008 100122s9999 xx 000 0 und d
082 _b70223
_a301.418
100 _aभोसले राजन
245 _aकथा कामजीवनाची (क. क्र 14/4 )
260 _bदृष्टी प्रकाशन
_c2000
300 _a156
630 _aकथा कामजीवनाची (क. क्र 14/4 )
730 _aकथा कामजीवनाची (क. क्र 14/4 )
942 _cBOOK
999 _c441233
_d441230